Statistiche per Quale capitale europea...?

Clicka qui per fare il quiz!

Statistiche generali

  • Questo quiz è stato fatto 1.527 volte
  • Il punteggio medio è 12 su 20

Statistiche sulle risposte

IndizioCittà% Corretto
Secondo la leggenda, fu fondata da Romolo nel 753 a.C.Roma
100%
Dove Mozart morì all'età di 35 anniVienna
94%
Ha un nome di solo 4 lettere, due delle quali sono OOslo
92%
I 6 aeroporti che servono la città è tra i sistemi aeroportuali più trafficati al mondoLondra
84%
Pericle guidò questa cittàAtene
79%
Chiamata la "Venezia del nord", per le sue circa 90 isole e 1200 pontiAmsterdam
77%
E' la città che ospita il club di calcio con più trofei in EuropaMadrid
71%
L'ultima capitale europea in ordine alfabeticoZagabria
61%
Un "telefono rosso" connette questa città con WashingtonMosca
55%
Prima della Seconda Guerra Mondiale, ospitava la più larga popolazione ebraica seconda solo a New York City
Varsavia
55%
I suoi tram di colore giallo sono un'attrazione turisticaLisbona
54%
Quattro dei cinque Premi Nobel sono premiati qui ogni annoStoccolma
54%
E' conosciuta per due famosi monumenti che rappresentano un atomo e un bambino che fa la pipìBruxelles
52%
Ha visto nel corso della sua storia 3 famose defenestrazioniPraga
52%
Fondata da Vlad l'Impalatore nel 1459Bucarest
51%
Nel corso del XVIII secolo i cinmiteri di questa città furono riempiti con 6 milioni di scheletri provenienti dalle catacombe
Parigi
51%
In questa città si tiene un importante Festival del Cinema nel quale si consegna l'Orso d'OroBerlino
43%
Ospitò i Giochi Olimpici Invernali del 1984. Qualche anno dopo divenne una zona di guerraSarajevo
39%
Nel1971, gli hippies fondarono in una parte della città una semi-anarchica società chiamata "Città libera di Christiania"
Copenhagen
32%
Conosciuta anche come Baile Átha CliathDublino
28%

Distribuzione punteggi

Percentile per numero di risposta

Percentuale di utenti per punteggio

I tuoi punteggi nel tempo

Non hai fatto questo quiz